[Event "POL-chT 2nd League"]
[Site "Polanica Zdroj"]
[Date "2004.09.12"]
[Round "11.22"]
[White "Stachanczyk, Jacek"]
[Black "Denderski, Piotr"]
[Result "1/2-1/2"]
[WhiteElo "2157"]
[BlackElo "2247"]
[PlyCount "44"]
[EventDate "2004.09.04"]
[EventType "team-swiss"]
[EventRounds "11"]
[EventCountry "POL"]
[SourceTitle "EXT 2019"]
[Source "ChessBase"]
[SourceDate "2018.10.10"]
[SourceVersion "1"]
[SourceVersionDate "2018.10.10"]
[SourceQuality "1"]
[WhiteTeam "Jaworzno JKSz MCKiS II"]
[BlackTeam "Czestochowa Hetman"]
[WhiteTeamCountry "POL"]
[BlackTeamCountry "POL"]

1. e4 c5 2. Nf3 Nc6 3. d4 cxd4 4. Nxd4 Nf6 5. Nc3 d6 6. Bg5 e6 7. Qd2 a6 8. 0-0-0 Bd7 9. f4 Be7 10. Nf3 b5 11. e5 b4 12. exf6 bxc3 13. Qxc3 gxf6 14. Kb1 d5 15. f5 Nb4 16. fxe6 fxe6 17. Bd2 Rc8 18. Qd4 Nxc2 19. Qg4 Qb6 20. Bd3 Na3+ 21. Ka1 Nc2+ 22. Kb1 Na3+ 1/2-1/2

[Event "POL-chT 2nd League"]
[Site "Polanica Zdroj"]
[Date "2004.09.07"]
[Round "5"]
[White "Barwinski, Dionizy"]
[Black "Denderski, Piotr"]
[Result "0-1"]
[WhiteElo "2218"]
[BlackElo "2247"]
[PlyCount "64"]
[EventDate "2004.09.04"]
[EventType "team-swiss"]
[EventRounds "11"]
[EventCountry "POL"]
[SourceTitle "CBM 102 Extra"]
[Source "ChessBase"]
[SourceDate "2004.11.03"]
[SourceVersion "1"]
[SourceVersionDate "2004.11.03"]
[SourceQuality "1"]
[WhiteTeam "Pultusk Nadnarwianka"]
[BlackTeam "Czestochowa Hetman"]
[WhiteTeamCountry "POL"]
[BlackTeamCountry "POL"]

1. d4 Nf6 2. c4 g6 3. Nc3 Bg7 4. Nf3 0-0 5. g3 d6 6. Bg2 Nc6 7. 0-0 a6 8. d5 Na5 9. Nd2 c5 10. Qc2 Rb8 11. a4 Bd7 12. b3 b5 13. axb5 axb5 14. Bb2 bxc4 15. bxc4 Qb6 16. Nd1 Nb3 17. Nxb3 Qxb3 18. Qxb3 Rxb3 19. Ra7 Rd8 20. e4 Ng4 21. Bxg7 Kxg7 22. f4 Ne3 23. Nxe3 Rxe3 24. Rc1 Rb3 25. Re1 f6 26. e5 fxe5 27. fxe5 dxe5 28. Rxe5 Rb1+ 29. Kf2 Rb2+ 30. Re2 Rxe2+ 31. Kxe2 Kf6 32. Rc7 Bf5 0-1